00573 2200229 4500001002100000008004100021035002000062245008900082260001800171300001500189020001800204084001700222082001100239650000900250990001200259990001200271990001200283990001200295990001200307990001200319990001200331INLIS000000000000771 ind  a0010-0722000320 aKisah Teladan 25 Nabi & Rasulb1001 Hikmah dalam sebuah perjalanan dakwahcRahimsyah bLingkar Media a128c24 cm a9786023650125 a297.34 RAH k a297.34 aNabi aDI.1974 aDI.1650 aDI.1973 aDI.2034 aDI.1741 aDI.1951 aDI.2978